000 00339 a2200157 4500
001 181079
020 _a
040 _cMagnum
100 _aOrthof, Sylvia
240 1 0 _aQuincas plim pois foi assim
_lpor
245 1 0 _aQuincas plim pois foi assim
362 0 _a1899
440 1 _aPaulinas
697 _aMAGNITO: I/GERAL
942 _cBK
999 _c181079
_d181079